000 00240nam a2200097Ia 4500
001 1207001
005 20251010101452.0
008 250824s9999 xx 000 0 und d
245 0 _aKAÇAK YOLCU
_cADEM ÖZKÖSE
260 _bPINAR YAYINLARI
999 _c1207001
_d1207001